Objavovanie podnikateľských príležitostí v cvičnej firme – aplikácia modelu projektového vyučovania
Východiská implementácie projektového vyučovania v cvičnej firme. Rutinná a projektová práca v cvičnej firme. Charakteristické znaky projektovej práce v cvičnej firme. Model projektového vyučovania Objavujeme podnikateľskú príležitosť. Ukážka metodického postupu.
Gespeichert in:
| 1. Verfasser: | |
|---|---|
| Format: | Buchkapitel |
| Sprache: | Slowakisch |
| Schlagworte: | |
| Tags: |
Keine Tags, Fügen Sie das erste Tag hinzu!
|
MARC
| LEADER | 00000nla a2200000 4500 | ||
|---|---|---|---|
| 001 | 0237189 | ||
| 005 | 20240502073829.5 | ||
| 041 | 0 | |a slo | |
| 044 | |a SK | ||
| 245 | 1 | 0 | |a Objavovanie podnikateľských príležitostí v cvičnej firme – aplikácia modelu projektového vyučovania |c Ľudmila Velichová |
| 520 | |a Východiská implementácie projektového vyučovania v cvičnej firme. Rutinná a projektová práca v cvičnej firme. Charakteristické znaky projektovej práce v cvičnej firme. Model projektového vyučovania Objavujeme podnikateľskú príležitosť. Ukážka metodického postupu. | ||
| 610 | 2 | 0 | |a vzdelávanie |
| 610 | 2 | 0 | |a vyučovanie |
| 610 | 2 | 0 | |a projekty |
| 610 | 2 | 0 | |a firmy cvičné |
| 610 | 2 | 0 | |a podnikanie |
| 100 | 1 | |a Velichová, Ľudmila | |